| 000 | 00694nam a22001577a 4500 | ||
|---|---|---|---|
| 003 | OSt | ||
| 005 | 20150913101625.0 | ||
| 008 | 150913b xxu||||| |||| 00| 0 eng d | ||
| 040 | _cRUA | ||
| 082 | _aAGR PRO 1997 B019 Or.1 | ||
| 100 |
_9370 _aPROM, NGA. |
||
| 245 | _aDeveloping community based rat management programme in kompongro district, srayrieng province កម្មវិធីគ្រប់គ្រងសត្វកណ្ដុរតាមរយៈការអភិវឌ្ឍន៍សហគមន៍ នៅស្រុកកំពង់រោទិ៍ ខេត្ដស្វាយរៀង | ||
| 260 |
_aPhnom Penh _bRUA _c1997 |
||
| 300 |
_a87p. _bill. _c29cm. |
||
| 942 |
_2ddc _cAGR |
||
| 999 |
_c350 _d350 |
||